000 00821nam a2200301Ia 4500
001 60735
003 IT-RoPAU
008 130308s9999 xx 000 0 und d
040 _aIT-RoPAU
040 _cIT-RoPAU
041 _aFRANCESE
100 _aDesbordes Francoise
100 _gCodice Aut. SPICS: 21880
245 _aActes de langage chez Varron?
245 _bMateriaux pour una Histoire des Theories Linguistiques
250 _a1a ed.
260 _aLILLE
260 _bPresses Universitaires
260 _c1984 [1° Ed.:1984 - Ed.Ling.Originale:1984]
300 _a"8 p. (prefazione: no ; testo: 8 [pagine: 147-154])"
500 _aAtti di Lingua presso Varrone
650 _aLINGUISTICA
650 _eCodice materia Spics: 3201
942 _cBK
957 _71
999 _c39109
_d39109
999 _bSI
999 _g1